000 01269nam a2200349 i 4500
003 EG-GICUC
005 20260513153616.0
008 260513s1979 fr |||fr|||| 000 0 Fre d
020 _a2275011552
040 _aEG-GiCUC
_bfre
_cEG-GiCUC
_dEG-GiCUC
_eRda
041 0 _afre
082 0 4 _a345.232044
_bFL . N
_221
092 0 4 _221
099 _aLaw 07 345.232044 FL . N 1979
100 1 _aFlogaïtis, Spyridon.
_eAuteur
245 2 0 _aLa Notion De Décentralisation En France, En Allemagne Et En Italie :
_nTome CXXXIII /
_cPar Spyridon Flogaïtis, Marcel Waline; Préface De Jean Rivero.
_b
264 1 _aParis :
_bLibrairie Generale De Droit Et De Jurisprudence,
_c1979.
300 _a281 Page ;
_c 24 cm.
336 _2rda contenu
_a texte
337 _2rda medias
_aOrdinateur
338 _2 transporteur rda
_a Ressource en ligne
490 _aBibliothéque De Droit Public
504 _aBibliography: pages 255-273
546 _aTexte en français
650 1 _aDroit Administratif
_zFrance
650 1 _aÉléments de décentralisation
_zAllemagne, Italie
700 1 _aRivero, Jean
_ePréfacier
700 1 _aWaline, Marcel
_eCo-Auteur
856 4 0 _uhttps://fll.law.cu.edu.eg/fulltext/bks/B07-06156.pdf
905 _a64
942 _2ddc
_n0
_cBK
_e21
999 _c76772
_d76772